00710cam a22002411 4500001001300000003000400013005001700017008004100034010001700075025001900092035001900111040001800130042001200148050002400160100002400184245004200208260004900250300005100299490006000350650001400410830002700424999001700451sa 65004268 DLC20260227112129.0790425s1961 ii a s000 0 eng  asa 65004268  aPL480:I-E-3801 a(OCoLC)4897029 aDLCcNICdDLC apremarc00aDS485.A55bA3 no. 21 aRamesan, N.,d1921-10aGlimpses of Buddhism,cby N. Ramesan. a[Hyderabad]bGovt. of Andhra Pradesh,c1961. axvi, 212, lxxiv p.billus. (part col.)c25 cm.1 aAndhra Pradesh Government archaeological series,vno. 2 0aBuddhism. 0aArch. series ;vno. 2. c63648d63648